000 02292nam a2200433 c 4500
003 BLK
005 20180422115208.0
008 180411b bul|||||r ||||||| ||bul||
010 _aKNG00190893000
020 _a978-954-9432-69-5
_bиздат.: Междунар. висше бизнес у-ще
040 _aBLK
041 _aBUL
_cBUL
072 7 _2bullib
_aН80
_xЕзикознание Н
080 _aКултура на речта. Ораторско изкуство. Красноречие
_b808.5
_x:330.16(075.8)
_z808.5:330.16(075.8)
080 _aИкономическа психология. Икономическо поведение. Физиологични и психологични елементи. Интереси. Икономически дух
_b330.16
_x(075.8)
_z330.16(075.8)
080 _aСоциално взаимодействие и общуване в групите (интеракция и комуникация)
_b316.454.5
_x(075.8)
_z316.454.5(075.8)
100 1 _aВедър, Йордан Иванов
_eпърви автор
_9367198
700 1 _aВедър, Олимпия Йорданова
_eсъавт.
_9383898
139 _aВедър, Йордан Иванов и др.
_bВ 35
245 1 0 _aБизнес реторика
_bВъведение в деловата комуникация
_cЙордан Иванов Ведър; съавт. Олимпия Йорданова Ведър.
257 _aBGR
260 София
_bМеждунар. висше бизнес у-ще
_c2016
_fСофия : Авангард принт
300 _a470 с.
_bс ил.
_c29 см
380 _a82
500 _aБиблиогр.: с. 443-454
650 4 _aИкономическо поведение - учебници за ВУЗ
_9313362
650 4 _aРеторика - учебници за ВУЗ
_9259370
650 4 _aКомуникация - учебници за ВУЗ
_9291096
653 _aикономическо поведение
653 _aреторика
653 _aкомуникация
653 _aучебници за ВУЗ
659 _aН
852 _aЦб ІІ 21510
856 4 _qpdf
_u
856 4 _qpdf
_u
942 _cKNG
_n0
944 _aCR
_c21.09.2016
_kВиолета_Тройчева
944 _aED
_c26.09.2016
_kПенка_Димитрова
999 _c181974
_d181974